| 000 | 01304cam a2200325Ia 4500 | ||
|---|---|---|---|
| 001 | 50342 | ||
| 005 | 20230411090002.0 | ||
| 008 | 040225r19991911ctu bc 000 0 eng | ||
| 035 | _a(OCoLC)ocm54481438 | ||
| 040 |
_aDLM _cDLM _dOCLCQ |
||
| 020 | _a1578982782 | ||
| 020 | _a9781578982783 | ||
| 035 | _a(OCoLC)54481438 | ||
| 043 | _aar----- | ||
| 090 |
_aZ3026.A6 _bN45x 1999 |
||
| 049 | _aGRAL | ||
| 110 | 2 | _aNew York Public Library. | |
| 245 | 1 | 0 |
_aList of works in the New York Public Library relating to Arabia and the Arabs / _ccompiled by the staff of the New York Public Library. |
| 246 | 1 | 8 | _aList of works relating to Arabia and the Arabs |
| 260 |
_aMansfield Centre, CT : _bMartino Pub., _c[1999?] |
||
| 300 |
_a198 p. ; _c23 cm. |
||
| 500 | _aReprint. Originally published: New York : New York Public Library, 1911. (Bulletin of the New York Public Library, vol. XV, no. 1.). | ||
| 500 | _a"This work is a facsimile edition of List of works in the New York Public Library relating to Arabia and the Arabs ..."--T.p. verso. | ||
| 610 | 2 | 0 |
_aNew York Public Library _vCatalogs. |
| 651 | 0 |
_aArabian Peninsula _vBibliography. |
|
| 650 | 0 |
_aArabs _vBibliography. |
|
| 830 | 0 |
_aBulletin of the New York Public Library ; _vv. 15, _nno. 1. |
|
| 942 |
_2lcc _cbk |
||
| 994 |
_aC0 _bDRFGD |
||
| 999 |
_c110423 _d110423 |
||